000 00521nam a2200145 a 4500
008 120416s1934 ||||||||||||||||| || u
050 _aHG 297 Gre
100 _aGregory, Theodore Emmanuel Gugenheim, 1890-
245 1 4 _aThe gold standard and its future
250 _a3rd rev. &
260 _aLondon
_bMethuen
_c1934
300 _ax, 183p. : ill
350 _a0.00
995 _D0.00
_FCBU-MAIN LIBRARY (Kitwe)
_H1
_I0.00
_M1
_UAVAILABLE
_ZAnnex Low-Usage Collection
999 _c44772
_d44772